000 00413nam a22001697a 4500
005 20180202124553.0
008 160622b xxu||||| |||| 00| 0 eng d
020 _a81-203-1175-2
041 _aeng
082 _b9030
_a004.21
100 _aHarryszKeewyez I.T.
_94051
245 _aIntroduction to Systems Analysis and Design
260 _bPHI
_c1997
300 _a468
650 _aManagement
_9241
942 _cBK
999 _c3564
_d3563